000 00546cam a22001934a 4500
005 20250605164154.0
008 250528s ||||||||||||||||||||||||d
035 _a19511
020 _a9503443123
040 _aGR-AtMCL
_bgre
_dGR-AtMCL
_eAACR2
245 1 _aΘΕΩΡΙΕΣ ΜΑΘΗΣΗΣ ΚΑΙ ΕΚΠΑΙΔΕΥΤΙΚΗ ΠΡΑΞΗ ΤΟΜΟΣ Γ
250 _a1
260 _bΑυτοεκδοση,
_c1997
300 _a279
700 1 _aΚολιαδη Εμμανουηλ Α
_95085
942 _cBK
999 _c4767
_d4767